01263nam a2200193 a 4500008004100000020001500041050001500056100001700071245004000088260004500128350000900173995015000182995015400332995016400486999001700650952013400667952013400801952013400935120416s0000 ||||||||||||||||| || u a8171694845 aT 57.5 Dha aDhawan, K. S10aPrinciples of information retrieval aNew DelhibCommonwealth Publishersc1997 a0.00 aMAIN LIBRARY OPEN ACCESSD0.00e732326FCBU-MAIN LIBRARY (Kitwe)H2I20.95jT 57.5 DhaM2UAVAILABLEy029604ZMain Library Open Access Collection aMAIN LIBRARY OPEN ACCESSe732324FCBU-MAIN LIBRARY (Kitwe)I0.00jT 57.5 DhaM3UAVAILABLEWJan 24, 2014y029602ZMain Library Open Access Collection aMAIN LIBRARY OPEN ACCESSD0.00e732325FCBU-MAIN LIBRARY (Kitwe)H1I20.95jT 57.5 DhaM1UAVAILABLEWApr 25, 2007y029603ZMain Library Open Access Collection c77328d77328 00102lcc4070a001b001cMain Library Open Access Collectiond2023-04-25l0oT 57.5 Dhap029604r2023-04-25t1w2023-04-25y002 00102lcc4070a001b001cMain Library Open Access Collectiond2023-04-25l0oT 57.5 Dhap029602r2023-04-25t2w2023-04-25y002 00102lcc4070a001b001cMain Library Open Access Collectiond2023-04-25l0oT 57.5 Dhap029603r2023-04-25t3w2023-04-25y002